Dokończ zdanie - wiedza ogólna ABCD - Statystyki

Ogólne statystyki
  • Ten quiz został rozwiązany 51 razy
  • Średni wynik to 9 z 15
Statystyki odpowiedzi
Zagadnienie Odpowiedź % Poprawnych
Państwo w Europie które posiada Park Narodowy z największą populacją żubrów na świecie to: Polska
93%
Pjongjang jest stolicą: Korei Północnej
81%
Cinco to po Hiszpańsku liczba: 5
76%
Nanometr jest jednostką: Mniejsza od metra
76%
Kim jest Robin w Batmanie? Pomocnikiem Batmana
76%
Kim Kardashian pochodzi z: Stanów Zjednoczonych
71%
Pierwsze Polskie miasto zbombardowane przez Niemców w 1939r. to: Wieluń
64%
Dniepr jest miastem: Ukraińskim
62%
Kraj z największa liczbą ludności na świecie to: Indie
60%
Góry tworzące naturalną granicę między Francją i Hiszpanią, w których jest położona Andora to : Pireneje
60%
Ciśnienie zewnętrzne wywierane na gaz lub ciecz rozchodzi się we wszystkich kierunkach jednakowo to: Prawo Pascala
60%
Film w którym występuje postać o imieniu i nazwisku; Tyler Durden: Fight Club
50%
Najwyższy człowiek w historii mierzył: 272cm
45%
Uganda leży na półkuli: Leży na obu półkulach
31%
Najzimniejsza stolica pod względem najniższej zanotowanej temperatury to: Astana
5%
Nie znaleziono quizów pasujących do podanych kryteriów
Rozkład punktacji
Procent ludzi z każdym wynikiem
Percentyl według liczby udzielonych odpowiedzi
Twoja historia wyników
Nie rozwiązałeś tego quizu